000 04332nam0a2200589 4500
001 RU\NLR\BIBL_A\012014000
005 20260408111629.0
020 _aRU
_9Ленинград в Великой Отечественной войне. Коллекция. Афиши
035 _a(NLR Aleph) 012014000
090 _a11464349
_c11464349
100 _a20190517d1943 u y0rusy50 ca
101 0 _arus
102 _aRU
105 _ay z 000zy
135 _acrcn 024anaba
200 1 _aСмотрите новый звуковой художественный кинофильм Она защищает Родину
_eсценарий М. Блеймана, И. Бондина. Постановка Лауреата Сталинской премии Ф. Эрмлера. Оператор - Лауреат Сталинской премии В. Рапопорт. Художник - Н. Суворов. Композитор - Г. Попов. В главных ролях: Лауреат Сталинской премии В. Марецкая. Артисты Л. Смирнова, П. Алейников
_eпроизводство объединенной киностудии художественных фильмов. Гор. Алма-Ата - 1943 г. Выпуск Ленинградской конторы "Главкинопрокат"
_e[афиша]
210 _a[Ленинград]
_cЛТ УН-10
_d1943
215 _a1 л.
_d29х40
300 _aЗак. 3417
325 _aКопия доступна в Электрон. б-ке РНБ
500 1 0 _aОна защищает Родину
606 1 _aТеатральная жизнь
_jАфиши
_yЛенинград, город
_z1941 - 1944
_92398624
_3RU\NLR\AUTH\6601649837
686 _aЩ333(2Р=Рус)7- 692Ленинград
702 1 _4690
_7ca
_8rus
_aБлейман
_bМ. Ю.
_cсценарист
_f1904-1973
_gМихаил Юрьевич
_9206389
_3RU\NLR\AUTH\770206441
702 1 _4690
_7ca
_8rus
_aБондин
_bИ. А.
_cсценарист
_f1911-
_gИван Андреевич
_9206411
_3RU\NLR\AUTH\770206463
702 1 _4570
_7ca
_8rus
_aЭрмлер
_bФ. М.
_cкинорежиссёр
_f1898-1967
_gФридрих Маркович
_9206124
_3RU\NLR\AUTH\770206176
702 1 _4570
_7ca
_8rus
_aРапопорт
_bВ. А.
_cкинооператор
_f1907-1975
_gВладимир Абрамович
_9206561
_3RU\NLR\AUTH\770206613
702 1 _4040
_7ca
_8rus
_aСуворов
_bН. Г.
_f1889-1972
_gНиколай Георгиевич
_953760
_3RU\NLR\AUTH\7770832
702 1 _4230
_7ca
_8rus
_aПопов
_bГ. Н.
_cкомпозитор
_f1904-1972
_gГавриил Николаевич
_9206498
_3RU\NLR\AUTH\770206550
702 1 _4005
_7ca
_8rus
_aМарецкая
_bВ. П.
_cактриса
_f1906-1978
_gВера Петровна
_9206567
_3RU\NLR\AUTH\770206619
702 1 _4005
_7ca
_8rus
_aСмирнова
_bЛ. Н.
_cартистка
_f1915-2007
_gЛидия Николаевна
_977327
_3RU\NLR\AUTH\7794401
702 1 _4005
_7ca
_8rus
_aАлейников
_bП. М.
_cкиноактёр
_f1914-1965
_gПётр Мартынович
_9206334
_3RU\NLR\AUTH\770206386
711 0 2 _aАлма-Атинская киностудия художественных фильмов
_9661672
_3RU\NLR\AUTH\880500924
711 0 2 _aЛенинградская городская контора кинопроката
_9383766
_3RU\NLR\AUTH\880358120
852 _aNLR
_jЛ3-330а/к/ф/1/1943-17
856 0 _uhttp://vivaldi.nlr.ru/ll000010860/view
856 1 _uhttp://vivaldi.nlr.ru/ll000010860/cover
856 2 _uhttp://vivaldi.nlr.ru/ll000010860/text
942 _cVISUAL
945 _aРоссийская национальная библиотека
980 _aNB
980 _aBV
980 3 _akplen
980 3 _akp
981 3 7 _a(37) Ленинград в Великой Отечественной войне
_b(37) Афиши блокадного Ленинграда